LEADER 00761naa a2200193 u 4500 001 000000104087 003 CaOOAMICUS 005 20070226130218.0 008 061218s1973 it u000 u ita u 035 $a11111217 040 $aIAR$bita 100 1 $aCalvo, Francesco.$0(OLS)http://pul/name/63959 245 10$aAlcune osservazioni sul problema del "valore" simbolico /$cFrancesco Calvi. 260 $aRoma :$bIstituto di studi filosofici,$c1973. 300 $ap. 165-185 ;$c25 cm 500 $aIAR: CR.17 773 0 $tIl Simbolismo del tempo : studi di filosofia dell'arte$w()5126 996 $6245$aAlcune osservazioni sul problema del "valore" simbolico$9(OLS)http://pul/title/130994 996 $6260$aRoma :$bIstituto di studi filosofici$9(OLS)http://pul/publisher/48217 LEADER 01200nam a2200289 u 4500 001 000000029818 003 CaOOAMICUS 005 20070226111947.0 008 970609s1995 it u000 u ita u 020 $a888065070X 035 $a10764194 040 $aPUL$bita$dBAV-R2 245 00$aVerso il grande giubileo del 2000 /$cR. Etchegaray ... [et al.] ; presentazione di Salvatore De Giorgi. 260 $aRoma :$bAVE,$cc1995. 300 $a217 p. ;$c22 cm 490 1 $aPresenza pastorale ;$v2 504 $aBibliografia in nota. 650 4$aGiubilei cristiani$y2025$xTesti liturgici.$0(OLS)http://pul/subject/17075 700 1 $aDe Giorgi, Salvatore,$ccard.,$d1930-$0(OLS)http://pul/name/24102 700 1 $aEtchegaray, Roger,$ccard.,$d1922-$0(OLS)http://pul/name/12521 830 0$aPresenza pastorale (AVE) ;$v2.$0(OLS)http://pul/title/40868 850 $aPUL 852 $aPUL$W1$xSL Filosofia 1$y2$m114 B 43$j41253$nBK-PRI$b $qStampati$B41253$CPULBib$Z2$F41253 $81 941 1 $a8 996 $6020$a888065070X$9(OLS)http://pul/number/37426 996 $6245$aVerso il grande giubileo del 2000$9(OLS)http://pul/title/40867 996 $6260$aRoma :$bAVE$9(OLS)http://pul/publisher/47909